000 00612nam a22001457a 4500
020 _a978-0-349-00162-3
082 _a823
_bLAM/F
100 _aLAMPARD, FRANK
245 _aFRANKIE'S MAGIC FOOTBLL
260 _aUK
_bLITTLE BROWN BOOKS
_c2018
300 _a84
520 _aWhile on holiday at a summer camp, Frankie, Charlie, Louise and Max the dog are transported to a prehistoric land of dinosaurs. Can they reunite a baby pterodactyl with its mum, and avoid being eaten by a hungry T-Rex? The friends will need to use all their football skills to get home in one piece!
650 _aSHORT STORY
942 _cBK
999 _c6094
_d6094